00739nam a2200205Ia 4500003000900000008004100009020001800050040001600068080001300084100002500097245016800122260003800290300001400328650003100342650001600373650003000389942000700419999001700426952009000443IN-BaIIA211028s9999 xx 000 0 eng d a981-02-0439-6 cIIA Library a535bPRO aYung-kuo, Lim923993 0aProblems and solutions on opticsbmajor American universities Ph. D. qualifying questions and solutionscLim Yung-kuo  aSingaporebWorld Scientificc1991 aix, 192p. aMathematical physics91525 aPhysics973 aTheoretical physics91581 cBK c13657d13657 00104070aBANbBANcGENd0000-00-00l0o535/ PROp14576r2021-11-05w0000-00-00yBK